For Martine: ATPs in Nanterre, among other places (notice n° 1921832)

détails MARC
000 -LEADER
fixed length control field 00977cam a2200157 4500500
005 - DATE AND TIME OF LATEST TRANSACTION
control field 20260329022700.0
041 ## - LANGUAGE CODE
Language code of text/sound track or separate title fre
042 ## - AUTHENTICATION CODE
Authentication code dc
100 10 - MAIN ENTRY--PERSONAL NAME
Personal name Augustins, Georges
Relator term author
245 00 - TITLE STATEMENT
Title For Martine: ATPs in Nanterre, among other places
260 ## - PUBLICATION, DISTRIBUTION, ETC.
Date of publication, distribution, etc. 2024.<br/>
500 ## - GENERAL NOTE
General note 86
520 ## - SUMMARY, ETC.
Summary, etc. While studying festive practices, historian Michel Vovelle identified “obstinate forms”—“formal structures capable of rising from their ashes in entirely different contexts.” Re-examining the criteria of such “obstinacy” allows us to update this 1980s concept. In its reformulated version, it connects with the notion of “latent custom” (Van Gennep), as well as with more established concepts such as “revitalization” and the “invention of tradition.”
786 0# - DATA SOURCE ENTRY
Note Ethnologie française | 54 | 3 | 2024-11-15 | p. 129-132 | 0046-2616
856 41 - ELECTRONIC LOCATION AND ACCESS
Uniform Resource Identifier <a href="https://shs.cairn.info/journal-ethnologie-francaise-2024-3-page-129?lang=en&redirect-ssocas=7080">https://shs.cairn.info/journal-ethnologie-francaise-2024-3-page-129?lang=en&redirect-ssocas=7080</a>

Pas d'exemplaire disponible.

PLUDOC

PLUDOC est la plateforme unique et centralisée de gestion des bibliothèques physiques et numériques de Guinée administré par le CEDUST. Elle est la plus grande base de données de ressources documentaires pour les Étudiants, Enseignants chercheurs et Chercheurs de Guinée.

Adresse

627 919 101/664 919 101

25 boulevard du commerce
Kaloum, Conakry, Guinée

Réseaux sociaux

Powered by Netsen Group @ 2025